Estrategias de diseño arquitectónico sol, luz y viento
| Main Author: | |
|---|---|
| Format: | Section = Libro |
| Language: | Undetermined Spanish |
| Published: |
México
Trillas
1994
|
| Subjects: |
| LEADER | 00606nam a2200217Ia 4500 | ||
|---|---|---|---|
| 008 | 240829s9999 xx 000 0 und d | ||
| 020 | |a 978-968-24-4753-2 | ||
| 040 | |a BIBLIOTECA-RUSB/ 721 B877e | ||
| 041 | |a spa | ||
| 082 | |a 721 B877e | ||
| 100 | 1 | |a Brown, G. Z. | |
| 245 | 1 | 0 | |a Estrategias de diseño arquitectónico sol, luz y viento |
| 260 | |a México |b Trillas |c 1994 | ||
| 300 | |a 179 p. :il. | ||
| 650 | 7 | |a DISEÑO ARQUITECTONICO | |
| 650 | 7 | |b ARQUITECTURA Y CLIMA | |
| 650 | 7 | |c ESTRATEGIAS DE DISEÑOS BIOCLIMATICOS | |
| 650 | 7 | |d EDIFICACIONES | |
| 942 | |c BK |2 ddc | ||
| 991 | |a TEXTO | ||
| 999 | |c 5099 | ||